[Event "Live Chess"]
[Site "Chess.com"]
[Date "2020.04.17"]
[Round "8"]
[White "Sauvage, Eric"]
[Black "Szigetvari, Andre"]
[Result "1-0"]
[WhiteElo "1490"]
[BlackElo "1240"]
[WhiteCountry "bel"]
[BlackCountry "bel"]

1. e4 c5 2. Nf3 d6 3. Bb5+ Bd7 4. Bxd7+ Qxd7 5. c4 g6 6. d4 cxd4 7. Nxd4 Bg7 
8. Be3 Nc6 9. O-O Nf6 10. f3 O-O 11. Qd2 Rac8 12. b3 a6 13. Nc3 e6 14. Nde2 
Rfd8 15. Rfd1 Qc7 16. Rac1 Ne8 17. Na4 Qe7 18. Nb6 Rb8 19. Kh1 h5 20. Bg5 f6 
21. Bf4 g5 22. Be3 Kh7 23. a3 Ne5 24. h3 Nf7 25. a4 Nc7 26. a5 Ne8 27. Qc2 
Ne5 28. Bd4 Bh6 29. Be3 Qg7 30. Nd4 Qe7 31. Qd2 Nf7 32. f4 gxf4 33. Bxf4 Ng5 
34. Qc2 Kg7 35. h4 Nf7 36. Bxh6+ Nxh6 37. Qe2 Ng4 38. Nd5 Kh7 39. Nf4 ( 39. 
Nxe7 { gagne la dame }) e5 40. Nxh5 exd4 41. Qxg4 Ng7 42. Qxg7+ Qxg7 43. Nxg7 
Kxg7 44. Rxd4 Rd7 45. c5 Rc8 46. b4 Kf7 47. Rcd1 Re8 48. cxd6 Ke6 49. g3 Rg8 
50. Kg2 Ke5 51. Kf3 Rc8 52. Rd5+ 1-0

[Event "Live Chess"]
[Site "Chess.com"]
[Date "2020.04.18"]
[Round "7"]
[White "Nadin, Corinne"]
[Black "Marchal, Georges"]
[Result "1-0"]
[WhiteElo "1284"]
[BlackElo "1198"]
[WhiteCountry "bel"]
[BlackCountry "bel"]

1. d4 Nf6 2. c4 e5 3. dxe5 Ng4 4. Nf3 Bc5 5. e3 Nc6 6. Be2 Ngxe5 7. Nc3 O-O 
8. O-O d6 9. b3 Bf5 10. Bb2 a5 11. Nd4 Bg6 12. Nd5 Bxd4 13. Bxd4 Nxd4 14. Qxd4 
Nc6 15. Qc3 Be4 16. Rfd1 Bxd5 17. cxd5 Ne5 18. Rac1 Rc8 19. Qxa5 c6 20. Qb4 
cxd5 21. Rxc8 Qxc8 22. Qxd6 Qc2 23. Qxe5 Qxe2 24. Qxd5 Qxa2 25. Qxb7 Qc2 26. 
Qd5 g6 27. Qd3 Qb2 28. Rb1 Qe5 29. b4 Rb8 30. Qd4 Qf5 31. e4 Qb5 32. Qd5 Qe2 
33. Qe5 Qc2 34. Qxb8+ Kg7 35. Qe5+ Kh6 36. Qb2 1-0

[Event "Live Chess"]
[Site "Chess.com"]
[Date "2020.04.18"]
[Round "8"]
[White "Marchal, Georges"]
[Black "Nadin, Corinne"]
[Result "1-0"]
[WhiteElo "1231"]
[BlackElo "1240"]
[WhiteCountry "bel"]
[BlackCountry "bel"]

1. d4 d5 2. e4 dxe4 3. f3 exf3 4. Nxf3 Nf6 
5. Bd3 Bg4 6. c3 e6 7. O-O c5 8. Qa4+ Nbd7 9. Ne5 cxd4 10. Bg5 Bh5 11. Bxf6 
gxf6 12. Nxd7 Qxd7 13. Qxd7+  Kxd7 14. cxd4 f5 
15. d5 Bc5+ 16. Kh1 Rad8 17. Nc3 Kc8 18. dxe6 Rxd3 19. Rxf5 fxe6 20. Rxc5+ 
Kb8 21. Rxh5 Rd2 22. b3 Rg8 23. Rxh7 Rdxg2 24. Ne4 e5 25. Ng3 Rc2 26. Re7 Rc5 
27. Re1 Rg5 28. Ne4 1-0

[Event "Live Chess"]
[Site "Chess.com"]
[Date "2020.04.19"]
[Round "9"]
[White "Nadin, Corinne"]
[Black "Sauvage, Eric"]
[Result "1/2-1/2"]
[WhiteElo "1274"]
[BlackElo "1445"]
[WhiteCountry "bel"]
[BlackCountry "bel"]

1. d4 d5 2. c4 e6 3. Nf3 c6 4. Nc3 Nf6 5. Bg5 dxc4 6. e4 h6 7. Bh4 b5 8. e5 
g5 9. exf6 gxh4 10. a4 Bb4 11. Nxh4 Qxf6 12. g3 Bb7 13. Bg2 Qe7 14. axb5 cxb5 
15. O-O Bxg2 16. Nxg2 Bxc3 17. bxc3 Nd7 18. Qf3 Nb6 19. Nf4 Qd7 20. Ra6 Ke7 
21. Re1 Rhd8 22. Qh5 Qb7 23. Qxb5 Qf3 24. Qb4+ Ke8 25. Qa3 ( 25. Nxe6 Rd7 26. 
Nc7 { car si 25. fxe6, Rxe6+ e } ) Rd7 26. Ra5 Nd5 27. Nxd5 Rxd5 28. Rxd5 Qxd5 
29. Re5 Qb7 30. Qa4+ Kf8 31. Qxc4 a5 32. Rb5 Qf3 33. Qc5+ Kg8 34. Rxa5 Rb8 
35. Ra1 Rb2 36. Rf1 Rc2 37. Qc8+ Kg7 38. c4 Qd3 1/2-1/2

[Event "Live Chess"]
[Site "Chess.com"]
[Date "2020.04.19"]
[Round "10"]
[White "Sauvage, Eric"]
[Black "Nadin, Corinne"]
[Result "1-0"]
[WhiteElo "1466"]
[BlackElo "1257"]
[WhiteCountry "bel"]
[BlackCountry "bel"]

1. e4 c6 2. d4 d5 3. e5 Bf5 4. Nc3 e6 5. g4 Bg6 6. Nge2 h6 7. Nf4 Bh7 8. Bd3 
Bxd3 9. Qxd3 Bb4 10. Bd2 Ne7 11. O-O-O c5 12. dxc5 Bxc3 13. Bxc3 Nd7 14. Bd4 
Qa5 15. a3 Nxc5 16. Bxc5 Qxc5 17. Nh5 O-O 18. f4 Qf2 19. h4 Ng6 20. Rdf1 Qc5 
21. g5 hxg5 22. hxg5 Ne7 23. Qh3 Rfc8 24. Nf6+ Kf8 25. Nd7+ 1-0

[Event "Live Chess"]
[Site "Chess.com"]
[Date "2020.04.19"]
[Round "9"]
[White "Morgenthal, Renaud"]
[Black "Marchal, Georges"]
[Result "0-1"]
[WhiteElo "1100"]
[BlackElo "1249"]
[WhiteCountry "bel"]
[BlackCountry "bel"]

1. e4 e5 2. Nf3 Nc6 3. d4 exd4 4. Bc4 Nf6 5. O-O Be7 6. e5 Ne4 7. Re1 d5 8. 
exd6 Nxd6 9. Bb3 O-O 10. c3 Bg4 11. h3 Bxf3 12. Qxf3 Bg5 13. Na3 dxc3 14. bxc3 
Bxc1 15. Raxc1 Re8 16. Red1 Ne5 17. Qg3 Qf6 18. Nc2 Ne4 19. Qe3 Nd6 20. Nb4 
c6 21. Qc5 Ne4 22. Qe3 Ng5 23. f4 Nef3+ 24. Qxf3 Nxf3+ 25. gxf3 Qxf4 26. Rd7 
Qxc1+ 0-1

[Event "Live Chess"]
[Site "Chess.com"]
[Date "2020.04.19"]
[Round "10"]
[White "Marchal, Georges"]
[Black "Morgenthal, Renaud"]
[Result "0-1"]
[WhiteElo "1216"]
[BlackElo "1144"]
[WhiteCountry "bel"]
[BlackCountry "bel"]

1. d4 Nf6 2. Nc3 d5 3. e4 dxe4 4. f3 e6 5. fxe4 Bb4 6. Bg5 h6 7. Bxf6 Qxf6 
8. Nf3 Nd7 9. Bd3 c5 10. e5 Qe7 11. O-O cxd4 12. Nxd4 Nxe5 13. Bb5+ Bd7 14. 
Bxd7+ Nxd7 15. Qf3 O-O 16. Ne4 Bc5 17. Nxc5 Qxc5 18. c3 { ??? } ( 18.Qe3 e5 
19. Nf5) e5 19. b4 Qb6 20. Qd5 Rad8 21. Qb5 exd4 22. Qxb6 Nxb6 23. cxd4 Rxd4 
24. a3 Rfd8 25. Rfe1 Nc4 26. Kf1 Rd3 27. a4 Ne3+ 28. Kf2 Nc2 0-1

[Event "Live Chess"]
[Site "Chess.com"]
[Date "2020.04.19"]
[Round "9"]
[White "Dans, Guy"]
[Black "Pitz, Luc"]
[Result "0-1"]
[WhiteElo "984"]
[BlackElo "1253"]
[WhiteCountry "bel"]
[BlackCountry "bel"]

1. e4 e5 2. Nf3 Nc6 3. Bb5 a6 4. Ba4 Be7 5. O-O Nf6 6. Re1 b5 7. Bb3 O-O 8. 
a4 b4 9. d4 d6 10. d5 Na7 11. Nbd2 Bg4 12. h3 Bh5 13. Qe2 a5 14. Nc4 Nc8 15. 
Bd2 Nd7 16. c3 Nc5 17. Bc2 b3 18. Bd3 f5 19. g4 Nxd3 20. Qxd3 fxg4 21. hxg4 
Bxg4 22. Nh2 Bh5 23. Qg3 Rf7 24. f3 Bh4 25. Qh3 Bxe1 26. Bxe1 Qg5+ 27. Kh1 
Ne7 28. Bh4 Qh6 29. Rg1 Qf4 30. Bg5 Bxf3+ 31. Nxf3 Qxf3+ 32. Rg2 { ??? } ( 
32. Qxf3 Rxf3 33. Bxe7 { gagne une pièce } ) Qxh3+ 0-1

[Event "Live Chess"]
[Site "Chess.com"]
[Date "2020.04.19"]
[Round "10"]
[White "Pitz, Luc"]
[Black "Dans, Guy"]
[Result "1-0"]
[WhiteElo "1264"]
[BlackElo "971"]
[WhiteCountry "bel"]
[BlackCountry "bel"]

1. e4 e5 2. f4 exf4 3. Nf3 d6 4. Bc4 Nf6 5. Nc3 Bg4 6. O-O Be7 7. d4 O-O 8. 
Bxf4 Nbd7 9. Qd3 c5 10. e5 d5 11. Nxd5 Nxd5 12. Bxd5 Qb6 13. Qb3 Bxf3 14. Rxf3 
cxd4 15. Qxb6 Nxb6 16. Bxb7 Rab8 17. Be4 Nc4 18. b3 Na5 19. Bd2 Nb7 20. Raf1 
Nc5 21. Bd5 Ne6 22. Bxe6 fxe6 23. Rxf8+ Rxf8 24. Rxf8+ Kxf8 25. Kf2 Kf7 26. 
Kf3 Kg6 27. Ke4 Bc5 28. Be1 Bb6 29. g3 Kg5 30. h3 h5 31. Bd2+ Kg6 32. b4 Kf7 
33. c3 dxc3 34. Bxc3 g6 35. Bd4 Ke7 36. Bxb6 axb6 37. Kf4 Kf7 38. Kg5 Kg7 39. 
a4 Kf7 40. a5 bxa5 41. bxa5 1-0

[Event "Live Chess"]
[Site "Chess.com"]
[Date "2020.04.20"]
[Round "9"]
[White "Szigetvari, Andre"]
[Black "Hubert, Rene"]
[Result "0-1"]
[WhiteElo "1191"]
[BlackElo "1191"]
[WhiteCountry "bel"]
[BlackCountry "bel"]

1. e4 c6 2. d4 d5 3. exd5 cxd5 4. Bd3 Nf6 5. Nf3 e6 6. O-O Nbd7 7. Re1 Be7 
8. c3 a6 9. Bg5 h6 10. Bh4 b5 11. a3 Bb7 12. Nbd2 Rc8 13. Ne5 Nxe5 14. dxe5 
Nd7 15. Bxe7 Qxe7 16. Nf3 Nb6 17. Qd2 Nc4 18. Bxc4 dxc4 19. Qe3 Bd5 20. Nd2 
O-O 21. Ne4 Bxe4 22. Qxe4 Rcd8 23. Rad1 Rxd1 24. Rxd1 Rd8 25. Rd4 Rd7 26. Qa8+ 
Kh7 27. Qxa6 Rxd4 28. cxd4 Qg5 29. g3 Qc1+ 30. Kg2 Qxb2 31. Qd6 c3 32. d5 exd5 
33. e6 fxe6 34. Qxe6 Qb1 35. Qxd5 Qg6 36. f4 c2 37. f5 Qg4 0-1

[Event "Live Chess"]
[Site "Chess.com"]
[Date "2020.04.20"]
[Round "10"]
[White "Hubert, Rene"]
[Black "Szigetvari, Andre"]
[Result "1/2-1/2"]
[WhiteElo "1191"]
[BlackElo "1191"]
[WhiteCountry "bel"]
[BlackCountry "bel"]

1. e4 c5 2. c3 d6 3. d4 cxd4 4. cxd4 e6 5. Nf3 a6 6. Be2 Nd7 7. Nc3 b5 8. b4 
Bb7 9. O-O Ngf6 10. Bd3 Be7 11. h3 Rc8 12. Bb2 O-O 13. Rc1 Nb6 14. e5 dxe5 
15. dxe5 Nfd5 16. Nxd5 Bxd5 17. a3 Qd7 18. Qe2 Rxc1 19. Rxc1 Rc8 20. Rxc8+ 
Qxc8 21. Qc2 Qxc2 22. Bxc2 Nc4 23. Bc1 1/2-1/2

[Event "Live Chess"]
[Site "Chess.com"]
[Date "2020.04.20"]
[Round "11"]
[White "Marchal, Georges"]
[Black "Sauvage, Eric"]
[Result "0-1"]
[WhiteElo "1207"]
[BlackElo "1480"]
[WhiteCountry "bel"]
[BlackCountry "bel"]

1. d4 e6 2. e4 d5 3. Nc3 c5 4. exd5 exd5 5. Bb5+ Bd7 6. Qe2+ Qe7 7. Nxd5 Qxe2+ 
8. Bxe2 Kd8 9. Bf4 Nc6 10. O-O-O cxd4 11. Bb5 Bc5 12. Nf3 Nf6 13. Nxf6 gxf6 
14. Bxc6 Bxc6 15. Nxd4 Bxd4 16. Rxd4+ Ke7 17. Bd6+ Ke6 18. Re1+ Kf5 19. Rf4+ 
Kg5 20. h4+ Kg6 21. Rg4+ Kh5 22. Rf4 Rhg8 23. g3 Rg6 24. Re7 Rd8 25. Bc7 Rd7 
26. Rxd7 Bxd7 27. Bd8 f5 28. Ba5 Ra6 29. Bc3 Rxa2 30. g4+ Kxh4 31. gxf5+ Kg5 
32. Rf3 Ra1+ 33. Kd2 Bxf5 34. Bd4 a6 35. Be3+ Kg6 36. Rg3+ Kf6 37. Bd4+ Ke7 
38. Re3+ Be6 39. Bc5+ Kd7 40. Rh3 Bxh3 0-1

[Event "Live Chess"]
[Site "Chess.com"]
[Date "2020.04.20"]
[Round "12"]
[White "Sauvage, Eric"]
[Black "Marchal, Georges"]
[Result "1-0"]
[WhiteElo "1492"]
[BlackElo "1199"]
[WhiteCountry "bel"]
[BlackCountry "bel"]

1. e4 e5 2. Nc3 Bb4 3. f4 Bxc3 4. dxc3 d6 5. Nf3 Bg4 6. Bc4 Nf6 7. fxe5 dxe5 
8. Qxd8+ Kxd8 9. Nxe5 Re8 10. Nxf7+ Kd7 11. e5 Bh5 12. Bf4 Nc6 13. e6+ Kc8 
14. O-O Bxf7 15. exf7 1-0

[Event "Live Chess"]
[Site "Chess.com"]
[Date "2020.04.21"]
[Round "11"]
[White "Szigetvari, Andre"]
[Black "Pitz, Luc"]
[Result "1-0"]
[WhiteElo "1205"]
[BlackElo "1252"]
[WhiteCountry "bel"]
[BlackCountry "bel"]

1. e4 e5 2. Bc4 Nf6 3. d3 Bc5 4. h3 O-O 5. Nf3 Nc6 6. O-O d6 7. Bg5 Na5 8. 
Bb3 Nxb3 9. axb3 Re8 10. Nc3 c6 11. Na4 b5 12. Nxc5 dxc5 13. Qe2 Qd6 14. Kh1 
h6 15. Be3 Re6 16. Nd2 Nh7 17. f4 Qe7 18. f5 Rd6 19. Bxc5 Qd7 20. Bxd6 Qxd6 
21. Nf3 Nf6 22. Qf2 c5 23. Qg3 Nh5 24. Qf2 Bb7 25. Kh2 a6 26. g3 Rd8 27. Nd2 
Nf6 28. Qe3 Qe7 29. g4 Nh7 30. Rf2 Ng5 31. Qg3 Nh7 32. h4 Rd6 33. Rg1 Nf6 34. 
g5 Nh5 35. Qg4 g6 36. fxg6 fxg6 37. gxh6 Kh7 38. Qg5 Rf6 39. Rgf1 Rxf2+ 40. 
Rxf2 Qxg5 41. hxg5 Nf4 42. Rf3 Bc8 43. Rxf4 exf4 44. Kg2 Bg4 45. c3 a5 46. 
d4 cxd4 47. cxd4 f3+ 48. Nxf3 b4 49. d5 Bd7 50. Kf2 1-0

[Event "Live Chess"]
[Site "Chess.com"]
[Date "2020.04.21"]
[Round "12"]
[White "Pitz, Luc"]
[Black "Szigetvari, Andre"]
[Result "1-0"]
[WhiteElo "1286"]
[BlackElo "1165"]
[WhiteCountry "bel"]
[BlackCountry "bel"]

1. e4 c5 2. Nc3 d6 3. f4 Nc6 4. Bc4 Nf6 5. Nf3 a6 6. O-O Qc7 7. Qe1 e5 8. f5 
Be7 9. d3 O-O 10. Qh4 b5 11. Bb3 Nd4 12. Ng5 Nxb3 13. Nd5 1-0

[Event "Live Chess"]
[Site "Chess.com"]
[Date "2020.04.21"]
[Round "11"]
[White "Dans, Guy"]
[Black "Morgenthal, Renaud"]
[Result "0-1"]
[WhiteElo "953"]
[BlackElo "1160"]
[WhiteCountry "bel"]
[BlackCountry "bel"]

1. e4 e6 2. d4 d5 3. Nc3 Bb4 4. exd5 exd5 5. Bd2 Nf6 6. Be2 O-O 7. Nf3 Re8 
8. O-O Nbd7 9. Re1 b6 10. a3 Bxc3 11. Bxc3 Ne4 12. Qd3 Ndf6 13. Ne5 a5 14. 
f3 Ba6 15. Qe3 Nxc3 16. bxc3 Bxe2 17. Qxe2 Qd6 18. f4 Nd7 19. Qf2 f6 20. Nxd7 
Qxd7 21. Qf3 c6 22. Qd3 Re7 23. Rxe7 Qxe7 24. c4 Qe4 25. cxd5 cxd5 26. Rb1 
Rb8 27. Qxe4 dxe4 28. Kf2 Kf7 29. f5 g6 30. fxg6+ hxg6 31. Ke3 f5 32. h3 Kf6 
33. g4 b5 34. gxf5 gxf5 35. Rg1 b4 36. axb4 axb4 37. h4 b3 38. cxb3 Rxb3+ 39. 
Ke2 Rh3 40. d5 Rxh4 41. d6 Ke6 42. Rd1 Rh8 43. Ke3 Rd8 44. Kf4 Rxd6 45. Rg1 
Rd5 46. Rg6+ Kf7 47. Rg5 Kf6 48. Rh5 Kg6 49. Rg5+ Kf6 50. Rh5 e3 51. Rh2 Rd2 
52. Rh5 Kg6 53. Rh1 e2 54. Rg1+ Kf6 55. Re1 Ke6 56. Kf3 Ke5 57. Ke3 Ra2 58. 
Rxe2 Rxe2+ 59. Kxe2 Ke4 60. Kf2 f4 61. Ke2 f3+ 62. Kf2 Kf4 63. Kf1 Kg3 64. 
Kg1 Kf4 65. Kf2 Ke4 66. Ke1 Ke3 67. Kf1 f2 68. Kg2 Ke2 0-1

[Event "Live Chess"]
[Site "Chess.com"]
[Date "2020.04.21"]
[Round "12"]
[White "Morgenthal, Renaud"]
[Black "Dans, Guy"]
[Result "1-0"]
[WhiteElo "1173"]
[BlackElo "938"]
[WhiteCountry "bel"]
[BlackCountry "bel"]

1. e4 c5 2. d4 cxd4 3. c3 dxc3 4. Nxc3 e6 5. Bc4 Ne7 6. Nf3 Ng6 7. O-O Be7 
8. Nb5 a6 9. Nd6+ Bxd6 10. Qxd6 Nc6 11. Bg5 f6 12. Be3 Qe7 13. Bc5 b5 14. Bb3 
Qxd6 15. Bxd6 Bb7 16. Rac1 Rc8 17. Rfe1 Kf7 18. h4 h5 19. e5 fxe5 20. Nxe5+ 
Ngxe5 21. Bxe5 Nxe5 22. Rxc8 Rxc8 23. Rxe5 Rc1+ 24. Kh2 Rf1 25. Rxh5 Rxf2 26. 
Rg5 Rxb2 27. h5 Be4 28. Rg4 Bd5 29. Rf4+ Ke7 30. Bxd5 exd5 31. a4 b4 32. Rg4 
b3 33. Rxg7+ Kd8 34. h6 Rf2 35. h7 Rf8 36. Rg8 Rxg8 37. hxg8=Q+ Kc7 38. Qxd5 
b2 39. Qb3 1-0

[Event "Live Chess"]
[Site "Chess.com"]
[Date "2020.04.21"]
[Round "11"]
[White "Nadin, Corinne"]
[Black "Hubert, Rene"]
[Result "1-0"]
[WhiteElo "1280"]
[BlackElo "1173"]
[WhiteCountry "bel"]
[BlackCountry "bel"]

1. d4 Nf6 2. c4 g6 3. Nf3 c5 4. d5 d6 5. Nc3 Bg7 6. b3 Ne4 7. Nxe4 Bxa1 8. 
Bh6 Qa5+ 9. Bd2 Qxa2 10. Nc3 Bxc3 11. Bxc3 f6 12. e4 Bg4 13. Be2 Nd7 14. O-O 
Bxf3 15. Bxf3 Ne5 16. Be2 O-O 17. f4 Nd7 18. Bg4 Rad8 19. Rf3 Qa6 20. Rg3 b5 
21. Bf5 bxc4 22. Qh5 Kg7 23. Rxg6+ hxg6 24. Qxg6+ 1-0

[Event "Live Chess"]
[Site "Chess.com"]
[Date "2020.04.21"]
[Round "12"]
[White "Hubert, Rene"]
[Black "Nadin, Corinne"]
[Result "1-0"]
[WhiteElo "1199"]
[BlackElo "1246"]
[WhiteCountry "bel"]
[BlackCountry "bel"]

1. e4 c6 2. d4 d5 3. e5 Bf5 4. Nf3 h6 5. Bd3 Bxd3 6. Qxd3 e6 7. O-O Nd7 8. 
c3 c5 9. b3 cxd4 10. cxd4 Ne7 11. Nc3 Nf5 12. a4 a6 13. Ba3 Bxa3 14. Rxa3 O-O 
15. b4 Rc8 16. Raa1 Nb6 17. b5 Nc4 18. Rab1 a5 19. Nd2 Re8 20. Rbc1 Nb2 21. 
Qb1 Nc4 22. Qd3 Nxd2 23. Qxd2 Rc4 24. Rfd1 Nxd4 25. Qb2 Qb6 26. Qa3 Rxc3 27. 
Rxc3 Ne2+ 28. Kf1 Nxc3 29. Qxc3 Qa7 30. Qc7 Qa8 31. Rc1 Kf8 32. b6 Re7 33. 
Qc8+ Qxc8 34. Rxc8+ Re8 35. Rc7 Rb8 36. Ke2 Ke8 37. Kd3 f6 38. f4 fxe5 39. 
fxe5 g5 40. g4 Kd8 41. Rh7 Rc8 42. Rxb7 Rc6 43. Rh7 Rxb6 44. Rxh6 Rb3+ 45. 
Kd4 Rb4+ 46. Kc5 Rc4+ 47. Kd6 Kc8 48. Rxe6 Rxa4 49. Kxd5 Rxg4 50. Kc6 Rc4+ 
51. Kb5 Rc2 52. Kxa5 Rxh2 53. Rg6 Ra2+ 54. Kb6 Rg2 55. Kc6 Rc2+ 56. Kd6 Rg2 
57. Ke6 Kc7 58. Kf6 g4 59. e6 Kd8 60. Rg8+ Kc7 61. e7 Rf2+ 62. Kg5 Re2 63. 
e8=Q Rxe8 64. Rxe8 g3 65. Re1 1-0

[Event "Live Chess"]
[Site "Chess.com"]
[Date "2020.04.22"]
[Round "13"]
[White "Dans, Guy"]
[Black "Marchal, Georges"]
[Result "0-1"]
[WhiteElo "927"]
[BlackElo "1207"]
[WhiteCountry "bel"]
[BlackCountry "bel"]

1. e4 e5 2. Nf3 Nc6 3. Bb5 a6 4. Ba4 b5 5. Bb3 Nf6 6. O-O Be7 7. Re1 O-O 8. 
a4 b4 9. d4 d6 10. dxe5 dxe5 11. Be3 Qxd1 12. Rxd1 Bg4 13. Nbd2 Bxf3 14. Nxf3 
Rad8 15. Bc4 Nxe4 16. Bxa6 Rxd1+ 17. Rxd1 Nd6 18. Bb5 Nxb5 19. axb5 Na5 20. 
Nxe5 f6 21. Nc6 Nxc6 22. bxc6 Ra8 23. Bd4 Ra6 24. Re1 Kf7 25. g3 Rxc6 26. Re2 
h5 27. f4 Rc4 28. c3 c5 29. Be3 bxc3 30. bxc3 Rxc3 31. Bd2 Rc2 32. Kf1 f5 33. 
Ke1 Bf6 34. Kd1 Ra2 35. Be3 Rxe2 36. Kxe2 c4 37. Bc1 Ke6 38. Kd1 Kd5 39. Kc2 
Ke4 40. Kd2 c3+ 41. Ke2 Bd4 42. h3 g6 43. Ba3 Be3 44. Kd1 Kf3 45. Bc1 Bxc1 
46. Kxc1 Kxg3 0-1

[Event "Live Chess"]
[Site "Chess.com"]
[Date "2020.04.22"]
[Round "14"]
[White "Marchal, Georges"]
[Black "Dans, Guy"]
[Result "1-0"]
[WhiteElo "1214"]
[BlackElo "917"]
[WhiteCountry "bel"]
[BlackCountry "bel"]

{ Toujours un Blackmar dévastateur } 1. d4 d5 2. e4 dxe4 3. f3 Nf6 4. Nc3 exf3 
5. Nxf3 Bg4 6. Bd3 Nc6 7. Be3 e6 8. O-O Nd5 9. Nxd5 Qxd5 10. c3 a6 11. Qc2 
g6 12. Ng5 f5 13. b3 Be7 14. Bc4 Qd6 15. Nxe6 Na5 16. Bf4 Qc6 17. Bd5 Qb6 18. 
Nxc7+ 1-0

[Event "Live Chess"]
[Site "Chess.com"]
[Date "2020.04.23"]
[Round "13"]
[White "Sauvage, Eric"]
[Black "Hubert, Rene"]
[Result "1-0"]
[WhiteElo "1502"]
[BlackElo "1192"]
[WhiteCountry "bel"]
[BlackCountry "bel"]

1. e4 c6 2. d4 d5 3. f3 e6 4. c4 Bb4+ 5. Nc3 Ne7 6. Bd3 Ng6 7. Ne2 O-O 8. O-O 
Be7 9. Be3 a6 10. Qd2 b5 11. c5 e5 12. Rad1 exd4 13. Bxd4 Bf6 14. Kh1 Bxd4 
15. Nxd4 Ne5 16. exd5 cxd5 17. Rfe1 Nc4 18. Qe2 Bb7 19. b3 Na5 20. b4 Nac6 
21. Nxc6 Bxc6 22. Bc2 Re8 23. Qd3 Rxe1+ 24. Rxe1 g6 25. Bb3 d4 26. Rd1 Ra7 
27. Ne4 Bxe4 28. Qxe4 Nc6 29. Qxc6 d3 30. Qe4 Re7 31. Qf4 Qe8 32. h3 Re3 33. 
Bxf7+ 1-0

[Event "Live Chess"]
[Site "Chess.com"]
[Date "2020.04.23"]
[Round "14"]
[White "Hubert, Rene"]
[Black "Sauvage, Eric"]
[Result "1/2-1/2"]
[WhiteElo "1205"]
[BlackElo "1481"]
[WhiteCountry "bel"]
[BlackCountry "bel"]

1. e4 c5 2. c3 d5 3. exd5 Qxd5 4. d4 e6 5. Nf3 Nf6 6. c4 Qd8 7. Be3 b6 8. Be2 
Be7 9. O-O O-O 10. dxc5 bxc5 11. Nc3 Bb7 12. Qb3 Qb6 13. Na4 Qxb3 14. axb3 
Nbd7 15. h3 Bc6 16. Nc3 Rfb8 17. Ra3 h6 18. Rfa1 Rb7 19. Nd2 g5 20. Ra6 Nb8 
21. R6a3 Kg7 22. Na4 Bxa4 23. Bf3 Bc6 24. Be2 Ne4 25. Nf3 Bf6 26. R1a2 Nd7 
27. Ra6 Nb8 28. R6a3 Rd7 29. Ra5 Rb7 30. R5a3 1/2-1/2

[Event "Live Chess"]
[Site "Chess.com"]
[Date "2020.04.23"]
[Round "13"]
[White "Nadin, Corinne"]
[Black "Pitz, Luc"]
[Result "1-0"]
[WhiteElo "1271"]
[BlackElo "1227"]
[WhiteCountry "bel"]
[BlackCountry "bel"]

1. d4 f5 2. Nf3 Nf6 3. c4 e6 4. Nc3 Bb4 5. g3 O-O 6. Bg2 d6 7. O-O Nc6 8. Bg5 
h6 9. Bxf6 Qxf6 10. e3 Ne7 11. Ne2 c6 12. a3 Ba5 13. b4 Bc7 14. Rc1 a6 15. 
Re1 b6 16. Nc3 e5 17. d5 c5 18. e4 f4 19. b5 fxg3 20. hxg3 Bg4 21. Re3 a5 22. 
Qd3 Rf7 23. Nd2 Qxf2+ 24. Kh2 Qf6 25. Rf1 Qg6 26. Rxf7 Qxf7 27. Nf3 Rf8 28. 
Nd1 Bd8 29. Nf2 g5 30. Nxg4 Qh5+ 31. Bh3 Qg6 32. Kg2 h5 33. Nf2 g4 34. Bxg4 
hxg4 35. Nh4 Qg5 36. Qe2 Ng6 37. Nxg6 Qxg6 38. Nxg4 Bg5 39. Rf3 Rf7 40. Rxf7 
Qxf7 41. Qf3 Qxf3+ 42. Kxf3 Kg7 43. Ne3 Be7 44. a4 Bg5 45. Nf5+ Kg6 46. Nxd6 
Be7 47. Nc8 Bd8 48. Kg4 Bc7 49. Ne7+ Kf6 50. Nc6 Kg6 51. Ne7+ Kf7 52. Nf5 Kg6 
53. Nh4+ Kf6 54. Kh5 Bd8 55. Nf5 Kf7 56. Kh6 Kg8 57. g4 Bf6 58. g5 Bd8 59. 
g6 Bf6 60. g7 Bd8 61. Kg6 Bh4 62. Nh6# 1-0

[Event "Live Chess"]
[Site "Chess.com"]
[Date "2020.04.23"]
[Round "14"]
[White "Pitz, Luc"]
[Black "Nadin, Corinne"]
[Result "1-0"]
[WhiteElo "1253"]
[BlackElo "1245"]
[WhiteCountry "bel"]
[BlackCountry "bel"]

1. e4 c6 2. f4 d5 3. e5 Bf5 4. Nf3 h6 5. Be2 e6 6. d4 Be4 7. O-O Ne7 8. Nc3 
Nf5 9. Bd3 Bxd3 10. Qxd3 Be7 11. Ne2 Nd7 12. c4 Rc8 13. c5 b6 14. b4 a5 15. 
a3 axb4 16. axb4 Ra8 17. Bd2 b5 18. Ra3 Rxa3 19. Qxa3 O-O 20. Ra1 Qc7 21. Qa5 
Rc8 22. Nc1 Bd8 23. Qxc7 Bxc7 24. Nb3 f6 25. Ra7 fxe5 26. fxe5 Nf8 27. Na5 
Bxa5 28. bxa5 Ng6 29. a6 Kf8 30. Rb7 Nfe7 31. a7 1-0

[Event "Live Chess"]
[Site "Chess.com"]
[Date "2020.04.24"]
[Round "13"]
[White "Szigetvari, Andre"]
[Black "Morgenthal, Renaud"]
[Result "1-0"]
[WhiteElo "1231"]
[BlackElo "1149"]
[WhiteCountry "bel"]
[BlackCountry "bel"]

1. e4 e6 2. d4 d5 3. exd5 exd5 4. Bd3 Bd6 5. Nf3 Nf6 6. O-O O-O 7. Re1 Re8 
8. Bg5 Nbd7 9. Nbd2 h6 10. Bh4 c5 11. c3 Qc7 12. Bg3 Bxg3 13. hxg3 c4 14. Bc2 
Nb6 15. Nf1 Bg4 16. Ne3 Ne4 17. Qb1 f5 18. Nxg4 fxg4 19. Ne5 Rf8 20. Bxe4 dxe4 
21. Qxe4 Rae8 22. Qxg4 Nd5 23. Re2 Nf6 24. Qg6 Nd5 25. Rae1 Rf6 26. Qg4 Ree6 
27. Nf3 Rxe2 28. Rxe2 Qd6 29. Ne5 b5 30. a3 a6 31. Qc8+ Rf8 32. Qd7 Rf6 33. 
Qxd6 Rxd6 34. f4 Re6 35. Kf2 Nf6 36. Kf3 Kh7 37. g4 g6 38. g3 Re8 39. Rh2 Nd5 
40. g5 h5 41. Ke4 Nb6 42. g4 Na4 43. gxh5 gxh5 44. Rxh5+ Kg7 45. Rh2 Rh8 46. 
Rxh8 Kxh8 47. f5 Nxb2 48. f6 Nd1 49. g6 Nxc3+ 50. Kf5 Ne2 51. f7 Kg7 52. Nd7 
Ng3+ 53. Ke6 1-0

[Event "Live Chess"]
[Site "Chess.com"]
[Date "2020.04.24"]
[Round "14"]
[White "Morgenthal, Renaud"]
[Black "Szigetvari, Andre"]
[Result "1-0"]
[WhiteElo "1179"]
[BlackElo "1199"]
[WhiteCountry "bel"]
[BlackCountry "bel"]

1. e4 c5 2. d4 cxd4 3. c3 d3 4. Bxd3 d6 5. c4 Nc6 6. Nc3 e6 7. Nf3 Nf6 8. Bg5 
Be7 9. O-O O-O 10. Re1 a6 11. Rc1 Bd7 12. a3 Rc8 13. b4 Ne8 14. Bxe7 Qxe7 15. 
e5 dxe5 16. Nxe5 Nxe5 17. Rxe5 Nf6 18. Nd5 Qd6 19. Nxf6+ gxf6 20. Bxh7+ 1-0